| 000 | 00677nam a22001937a 4500 | ||
|---|---|---|---|
| 003 | OSt | ||
| 005 | 20251121145215.0 | ||
| 008 | 251121b |||||||| |||| 00| 0 eng d | ||
| 020 | _a971-8740-13-9 | ||
| 040 |
_aDWC-Main lib. _cOC |
||
| 082 | _aFil. 371.26 AL386n 1998 | ||
| 100 | _aAlferez, Merle S. | ||
| 245 |
_aNEAT and high school entrance test : _breviewer/ _cMerle S. Alferez |
||
| 260 |
_aQuezon City, Phils. : _bMSA Publishing House, _cc1998. |
||
| 300 |
_a95 pages ; _b25 cm. |
||
| 650 | _a1. Examinations--Study guides. | ||
| 650 | _a2. Educational tests and measurements. I. National Elementary Achievement Test (NEAT). | ||
| 942 |
_2ddc _cBK - FIL _hFil. _n0 |
||
| 999 |
_c6015 _d6015 |
||